000
00249nam a2200097 a 4500
005
20200930075820.0
008
120120s2004 000 spa d
245
0
_a
NiƱos, salud y ciencia : actividades...
260
_a
s. l.,
_c
s. f.
999
_c
36079
_d
36079
040
_a
DO-SdBNP